000 00331nas a22001457a 4500
003 OSt
005 20220203122545.0
008 210826b ||||| |||| 00| 0 eng d
022 _2-
040 _aHumanism
_c
245 _aHumanism
260 _aDevaathapovana Seva Trust
_bJuly 2021
856 _3Humanism
942 _2ddc
_cPR
_s1
999 _c216143
_d216143